Kentucky (permit)DMV Written test 2 2023 (60 questions) - Statistics

General Stats
  • This quiz has been taken 19 times
  • The average score is 19 of 60
Answer Stats
Question Answer % Correct
When should you use your vehicle's turn signals? Anytime you plan to change direction or merge with traffic
100%
What should you do if you encounter a school bus with its red lights flashing and stop arm extended? Come to a complete stop until the bus resumes motion
100%
Which of the following is true about a learner's permit? It must be held for a specific duration before applying for a driver's license
100%
Which of the following is an example of distracted driving? Reading a text message on a mobile phone while driving
100%
Which of the following is an example of aggressive driving behavior? Speeding and frequently changing lanes without signaling
100%
What is the purpose of an anti-lock braking system (ABS) in a vehicle? To maintain traction and steering control during braking
100%
What is the purpose of an airbag in a vehicle? To provide protection in the event of a collision
100%
What should you do if you encounter an aggressive driver on the road? Avoid eye contact and maintain a safe distance
80%
What should you do if your vehicle begins to skid? Ease off the accelerator and steer in the direction you want to go
80%
What should you do if your vehicle's accelerator pedal becomes stuck? Shift to neutral, steer to a safe area, and stop the vehicle
80%
What is the purpose of a shoulder on the side of a roadway? To provide a space for emergency stopping or parking
80%
What should you do if your vehicle's accelerator becomes stuck while driving? Shift into neutral and safely pull over the side of the road
60%
What is the purpose of a rumble strip on the edge of a roadway? To alert drivers who veer off the roadway
60%
What should you do when you see a flashing red traffic signal? Treat it as a stop sign and come to a complete stop
60%
When should you use your high-beam headlights? When driving in rural areas with no oncoming traffic
60%
What should you do when encountering a funeral procession on the road? Yield the right-of-way and allow the procession to proceed
60%
What does a diamond-shaped sign with a picture of a deer indicate? An upcoming animal crossing zone
40%
When approaching a steady red traffic light, what should you do? Come to a complete stop and remain stopped
40%
What should you do if you miss your intended highway exit? Continue driving until the next exit and turn around
40%
What should you do if your vehicle's tire blows out while driving? Gradually release the accelerator and steer straight
40%
What is the purpose of a blind spot when referring to driving? It is an area around your vehicle that is not visible in the mirrors
40%
What is the purpose of an HOV (High Occupancy Vehicle) lane? It promotes carpooling and reduces congestion
40%
What does a flashing yellow traffic signal indicate? Proceed with caution without stopping
40%
What should you do if you witness a vehicle collision? Stay at the scene and offer assistance if possible
40%
When approaching a school bus with its red lights flashing and stop arm extended, what should you do? Stop until the lights stop flashing and the stop arm is retracted
40%
What is the purpose of a rumble strip on the side of a roadway? To discourage speeding by creating noise and vibration
40%
crosswalk? What is the purpose of a To indicate a designated area for pedestrian crossings
40%
What is the purpose of a car seat belt? To prevent passengers from moving around inside the vehicle
40%
What is the purpose of an HOV lane? To reduce congestion by encouraging carpooling
40%
What is the proper way to respond to a flashing red traffic light? Treat it as a stop sign
40%
What does a white sign with black arrows pointing in different directions indicate? A one-way street
20%
What should you do if your vehicle starts to hydroplane on a wet road? Ease off the accelerator and gently steer in the direction you want to go
20%
You approach a four-way stop sign at the same time as another vehicle. Both vehicles arrive simultaneously and intend to proceed straight ahead. Which vehicle has the right-of-way? The vehicle on the right.
20%
What does a solid white line on the roadway indicate? A no passing zone
0%
What does a solid yellow line on the roadway indicate? A no passing zone
0%
What does a solid yellow line alongside a broken yellow line on a roadway indicate? A passing zone on the side with the solid line
0%
What should you do if your vehicle starts to skid? Ease off the gas and steer in the direction of the skid
0%
What should you do when encountering a work zone with orange warning signs? Follow the directions given by the flagger or signs
0%
What is the meaning of a yield sign? Give the right-of-way to other traffic
0%
What should you do if you experience a tire blowout while driving? Gradually release the accelerator and maintain a firm grip on the steering wheel
0%
What does a solid white line on a roadway indicate? No passing allowed
0%
What does a solid yellow line on a roadway indicate? No passing allowed
0%
What should you do if you miss your intended exit on a highway? Proceed to the next available exit and re-route from there
0%
What does a solid yellow arrow signal indicate? Proceed with caution and prepare to yield
0%
What does a yellow diamond-shaped sign with black symbols or letters represent? Railroad crossing ahead
0%
What should you do when approaching a yield sign? Slow down and be prepared to stop if necessary
0%
What should you do when approaching a curve in the road? Slow down before entering the curve
0%
What is the meaning of a solid red arrow traffic signal? Stop and wait for the green arrow signal
0%
What is the recommended following distance behind the vehicle in front of you? Three seconds
0%
What is the purpose of an anti-lock braking system (ABS)? To allow for controlled braking during emergency stops
0%
What is the purpose of a traffic signal with a flashing yellow arrow? To indicate a protected left turn
0%
What is the purpose of a car's rearview mirror? To monitor traffic behind the vehicle
0%
What is the purpose of a speed limit? To promote safe and reasonable driving speeds
0%
What is the purpose of a roundabout? To reduce congestion and improve traffic flow
0%
What is the purpose of a traffic circle or roundabout? To slow down traffic and improve safety
0%
What is the purpose of a white triangle-shaped sign with a red border? To warn of a yield sign ahead
0%
What should you do if you encounter a work zone on the road? To warn of a yield sign ahead
0%
What should you do when approaching a railroad crossing with flashing red lights? Treat it as a stop sign and come to a complete stop
0%
When should you use your vehicle's hazard lights? When approaching a stop sign or traffic signal
0%
When should you use your vehicle's headlights? Whenever visibility is reduced and it helps you see and be seen
0%
No matching quizzes found
Score Distribution
Percent of People with Each Score
Percentile by Number Answered
Your Score History
You have not taken this quiz